[Event "WCO2014"]
[Site "Tromso"]
[Date "2014.08.02"]
[Round "1.27"]
[WhiteID "3900487"]
[White "Rohl Montes Juan Armando"]
[BlackID "8800022"]
[Black "Cooper Gary"]
[Result "1-0"]
[LiveChessVersion "1.4.3"]
[BlackElo "1844"]
[WhiteElo "2390"]

1. e4 {[%clk 1:30:44]} c5 {[%clk 1:30:44]} 2. Nf3 {[%clk 1:30:27]} d6
{[%clk 1:30:57]} 3. d4 {[%clk 1:29:57]} cxd4 {[%clk 1:30:53]} 4. Nxd4
{[%clk 1:30:06]} Nf6 {[%clk 1:31:03]} 5. Nc3 {[%clk 1:30:06]} a6 {[%clk 1:31:10]}
6. Bc4 {[%clk 1:29:11]} e6 {[%clk 1:31:01]} 7. Bb3 {[%clk 1:28:56]} Be7
{[%clk 1:31:12]} 8. g4 {[%clk 1:27:40]} h5 {[%clk 1:27:01]} 9. g5
{[%clk 1:26:43]} Ng4 10. h3 Ne5 {[%clk 1:21:57]} 11. f4 {[%clk 1:24:21]} Nec6
{[%clk 1:21:57]} 12. Be3 {[%clk 1:22:19]} Nxd4 {[%clk 1:18:20]} 13. Bxd4
{[%clk 1:13:05]} e5 {[%clk 1:12:48]} 14. fxe5 {[%clk 1:10:04]} dxe5
{[%clk 1:05:05]} 15. Bxe5 {[%clk 1:09:48]} Qxd1+ {[%clk 1:05:23]} 16. Rxd1
{[%clk 1:09:54]} O-O {[%clk 1:05:42]} 17. g6 {[%clk 1:09:48]} Bh4+
{[%clk 1:04:39]} 18. Ke2 {[%clk 1:09:34]} Be6 {[%clk 1:04:39]} 19. gxf7+
{[%clk 1:07:48]} Bxf7 {[%clk 1:04:14]} 20. Rhg1 {[%clk 1:07:29]} g5
{[%clk 1:00:09]} 21. Bg3 {[%clk 1:07:04]} Bxb3 {[%clk 0:57:56]} 22. Bxh4
{[%clk 1:07:00]} Bc4+ {[%clk 0:52:08]} 23. Ke3 {[%clk 1:06:03]} Nc6
{[%clk 0:46:47]} 24. Rxg5+ {[%clk 1:05:08]} Kf7 {[%clk 0:44:32]} 25. Rd7+
{[%clk 1:05:23]} Ke6 {[%clk 0:43:02]} 26. Rxb7 {[%clk 1:05:40]} Rf6
{[%clk 0:28:16]} 27. Rc5 {[%clk 1:04:54]} Rc8 {[%clk 0:22:44]} 28. Bxf6
{[%clk 1:05:02]} Kd5 1-0

[Event "WCO2014"]
[Site "Tromso"]
[Date "2014.08.02"]
[Round "1.39"]
[WhiteID "14700247"]
[White "Khusenkhojaev Muhammad"]
[BlackID "16400216"]
[Black "Agbor Ebot John"]
[Result "1-0"]
[LiveChessVersion "1.4.3"]
[BlackElo "1931"]
[WhiteElo "2410"]

1. Nf3 {[%clk 1:30:54]} Nf6 {[%clk 1:30:40]} 2. c4 {[%clk 1:31:18]} g6
{[%clk 1:30:40]} 3. g3 {[%clk 1:31:39]} Bg7 {[%clk 1:30:52]} 4. Bg2
{[%clk 1:32:03]} d6 {[%clk 1:30:52]} 5. d4 {[%clk 1:32:21]} c6 {[%clk 1:30:45]}
6. O-O {[%clk 1:32:21]} O-O {[%clk 1:30:35]} 7. Nc3 {[%clk 1:32:27]} Qa5
{[%clk 1:29:51]} 8. h3 {[%clk 1:30:56]} Be6 {[%clk 1:28:55]} 9. d5
{[%clk 1:31:11]} cxd5 {[%clk 1:26:25]} 10. Nd4 {[%clk 1:31:33]} dxc4
{[%clk 1:25:22]} 11. Nxe6 {[%clk 1:30:46]} fxe6 {[%clk 1:25:34]} 12. Bxb7
{[%clk 1:30:53]} Nbd7 {[%clk 1:25:42]} 13. Bxa8 {[%clk 1:30:41]} Rxa8
{[%clk 1:25:52]} 14. Qa4 {[%clk 1:26:54]} Qxa4 {[%clk 1:24:48]} 15. Nxa4
{[%clk 1:27:17]} Nb6 {[%clk 1:22:50]} 16. Nc3 {[%clk 1:27:26]} d5
{[%clk 1:22:03]} 17. Rd1 {[%clk 1:16:14]} Rd8 {[%clk 1:18:47]} 18. Be3
{[%clk 1:09:41]} Nfd7 {[%clk 1:13:26]} 19. Rac1 {[%clk 1:06:14]} Rc8
{[%clk 1:06:38]} 20. Rc2 {[%clk 1:04:37]} Kf7 {[%clk 1:05:54]} 21. f4
{[%clk 1:01:55]} h5 {[%clk 1:02:04]} 22. Bd4 {[%clk 0:59:28]} Bh6
{[%clk 0:54:34]} 23. e4 {[%clk 0:51:27]} g5 {[%clk 0:38:55]} 24. fxg5
{[%clk 0:46:34]} Bxg5 {[%clk 0:38:46]} 25. Bxb6 {[%clk 0:46:54]} axb6
{[%clk 0:36:21]} 26. exd5 {[%clk 0:47:16]} exd5 {[%clk 0:33:41]} 27. Rxd5
{[%clk 0:44:08]} Be3+ {[%clk 0:33:04]} 28. Kg2 {[%clk 0:44:24]} Nf6
{[%clk 0:32:29]} 29. Rd1 {[%clk 0:42:47]} Rg8 {[%clk 0:26:43]} 30. Nd5
{[%clk 0:40:27]} Bc5 {[%clk 0:21:35]} 31. Nxf6 {[%clk 0:40:39]} Kxf6
{[%clk 0:20:44]} 32. Rxc4 {[%clk 0:40:55]} Bd6 {[%clk 0:19:29]} 33. Rd3
{[%clk 0:40:06]} b5 {[%clk 0:19:20]} 34. Rcd4 {[%clk 0:38:43]} Rc8
{[%clk 0:17:07]} 35. a3 {[%clk 0:35:53]} Be5 {[%clk 0:15:10]} 36. Rd5
{[%clk 0:35:26]} h4 {[%clk 0:11:04]} 37. g4 {[%clk 0:33:34]} Ke6 {[%clk 0:08:59]}
38. Rxb5 {[%clk 0:32:48]} Rc2+ {[%clk 0:08:40]} 39. Kf3 {[%clk 0:33:11]} Bxb2
{[%clk 0:06:53]} 40. g5 {[%clk 0:33:05]} Bc1 {[%clk 0:03:59]} 41. Kg4
{[%clk 0:32:34]} Rc4+ {[%clk 0:02:50]} 42. Kh5 {[%clk 0:32:58]} Kf7
{[%clk 0:01:55]} 43. Rf3+ {[%clk 0:29:01]} Ke6 {[%clk 0:00:41]} 44. g6
{[%clk 0:28:36]} Rc8 {[%clk 0:00:36]} 45. g7 {[%clk 0:28:50]} Kd5 1-0

[Event "WCO2014"]
[Site "Tromso"]
[Date "2014.08.02"]
[Round "1.5"]
[WhiteID "7200595"]
[White "Ziska Helgi Dam"]
[BlackID "7800010"]
[Black "Lodhi Mahmood"]
[Result "1-0"]
[LiveChessVersion "1.4.3"]
[BlackElo "2335"]
[WhiteElo "2507"]

1. e4 {[%clk 1:30:40]} e5 {[%clk 1:30:56]} 2. Nc3 {[%clk 1:30:30]} Nc6
{[%clk 1:31:16]} 3. Bc4 {[%clk 1:30:45]} Nf6 {[%clk 1:30:41]} 4. d3
{[%clk 1:31:00]} Bc5 {[%clk 1:30:38]} 5. f4 {[%clk 1:30:25]} d6 {[%clk 1:30:44]}
6. Nf3 {[%clk 1:30:01]} O-O {[%clk 1:29:58]} 7. Na4 {[%clk 1:22:16]} Nd7
{[%clk 1:20:48]} 8. f5 {[%clk 1:06:43]} Na5 {[%clk 1:04:33]} 9. Bg5
{[%clk 1:02:55]} Qe8 {[%clk 1:03:46]} 10. Nxc5 {[%clk 1:01:44]} dxc5
{[%clk 1:03:48]} 11. Bb5 {[%clk 0:54:09]} c6 {[%clk 1:01:37]} 12. Ba4
{[%clk 0:53:48]} h6 {[%clk 1:01:37]} 13. Bd2 {[%clk 0:53:48]} Qd8 14. c4 Qc7
{[%clk 0:28:36]} 15. O-O {[%clk 0:36:31]} b6 {[%clk 0:26:55]} 16. Qe1
{[%clk 0:33:08]} Nb7 {[%clk 0:26:11]} 17. Qg3 {[%clk 0:29:29]} Qd6
{[%clk 0:25:19]} 18. f6 {[%clk 0:18:13]} Nxf6 {[%clk 0:15:58]} 19. Qxe5
{[%clk 0:18:05]} Qxd3 {[%clk 0:14:14]} 20. Bxc6 {[%clk 0:17:55]} Qxc4
{[%clk 0:13:21]} 21. Bxh6 {[%clk 0:14:28]} Qe6 {[%clk 0:12:44]} 22. Qxe6
{[%clk 0:14:15]} fxe6 {[%clk 0:06:20]} 23. Bg5 {[%clk 0:09:39]} a6
{[%clk 0:05:31]} 24. Ne5 {[%clk 0:08:50]} Ra7 {[%clk 0:05:02]} 25. Ng6
{[%clk 0:08:22]} Rf7 {[%clk 0:04:41]} 26. e5 {[%clk 0:05:45]} Nd5
{[%clk 0:03:52]} 27. Be8 {[%clk 0:03:22]} Na5 {[%clk 0:03:11]} 28. b3
{[%clk 0:02:37]} c4 {[%clk 0:02:10]} 29. b4 {[%clk 0:02:17]} Nxb4
{[%clk 0:02:21]} 30. Bxf7+ {[%clk 0:02:37]} Rxf7 {[%clk 0:02:49]} 31. Ne7+
{[%clk 0:02:52]} Rxe7 {[%clk 0:15:31]} 32. Bxe7 {[%clk 0:02:52]} Nd5
{[%clk 0:15:31]} 33. Rf8+ {[%clk 0:02:52]} Kh7 {[%clk 0:15:31]} 34. Rxc8
{[%clk 0:02:52]} Nxe7 {[%clk 0:15:31]} 35. Ra8 {[%clk 0:02:52]} Nd5
{[%clk 0:15:31]} 36. Rc1 {[%clk 0:02:52]} c3 {[%clk 0:15:31]} 37. Rxa6
{[%clk 0:02:52]} Nc4 {[%clk 0:15:31]} 38. Ra8 {[%clk 0:02:52]} Kg6
{[%clk 0:15:31]} 39. Rc8 {[%clk 0:02:52]} Nxe5 {[%clk 0:15:31]} 40. R1xc3
{[%clk 0:02:52]} Nxc3 {[%clk 0:15:31]} 41. Rxc3 {[%clk 0:02:52]} Kf7
{[%clk 0:15:31]} 42. Rb3 {[%clk 0:02:52]} Nd7 {[%clk 0:15:31]} 43. Kf2
{[%clk 0:02:52]} e5 {[%clk 0:15:31]} 44. g4 {[%clk 0:02:52]} Ke6 {[%clk 0:15:31]}
45. h4 {[%clk 0:02:52]} Kf6 {[%clk 0:15:31]} 46. Ke3 {[%clk 0:02:52]} Ke6
{[%clk 0:15:31]} 47. Rb2 {[%clk 0:02:52]} Ke7 {[%clk 0:15:31]} 48. Rd2
{[%clk 0:02:52]} Ke6 {[%clk 0:15:31]} 49. Rxd7 {[%clk 0:02:52]} Kxd7
{[%clk 0:15:31]} 50. Ke4 {[%clk 0:02:52]} Ke6 {[%clk 0:15:31]} 51. g5
{[%clk 0:19:58]} b5 {[%clk 0:15:31]} 52. a3 {[%clk 0:19:58]} Kd5+ 1-0

[Event "WCO2014"]
[Site "Tromso"]
[Date "2014.08.02"]
[Round "1.46"]
[WhiteID "20300034"]
[White "Ntagasigumwami Deo"]
[BlackID "4300084"]
[Black "Ker Anthony F"]
[Result "0-1"]
[LiveChessVersion "1.4.3"]
[BlackElo "2316"]
[WhiteElo "1817"]

1. d4 {[%clk 1:29:51]} d6 {[%clk 1:29:54]} 2. c4 {[%clk 1:29:32]} e5
{[%clk 1:29:47]} 3. dxe5 {[%clk 1:29:06]} dxe5 {[%clk 1:29:37]} 4. Qxd8+
{[%clk 1:28:45]} Kxd8 {[%clk 1:29:31]} 5. e4 {[%clk 1:27:27]} Be6
{[%clk 1:24:57]} 6. Nf3 {[%clk 1:26:41]} f6 {[%clk 1:24:48]} 7. Be3
{[%clk 1:25:56]} Nd7 {[%clk 1:23:53]} 8. Be2 {[%clk 1:23:53]} Bb4+
{[%clk 1:18:32]} 9. Nbd2 {[%clk 1:22:37]} c6 {[%clk 1:11:01]} 10. O-O
{[%clk 1:20:45]} a5 {[%clk 1:09:28]} 11. Rfd1 {[%clk 1:19:43]} Kc7
{[%clk 1:08:52]} 12. a3 {[%clk 1:18:37]} Bc5 {[%clk 1:07:02]} 13. Nf1
{[%clk 1:17:09]} b6 {[%clk 1:09:14]} 14. Ne1 {[%clk 1:20:19]} Ne7
{[%clk 1:03:01]} 15. b3 {[%clk 1:18:30]} Bxe3 {[%clk 1:01:11]} 16. Nxe3
{[%clk 1:18:06]} Nc5 {[%clk 1:01:32]} 17. f3 {[%clk 1:13:57]} Nxb3
{[%clk 1:01:15]} 18. Rab1 {[%clk 1:12:25]} Nd4 {[%clk 1:00:43]} 19. Bf1
{[%clk 1:11:57]} Rhd8 {[%clk 0:57:40]} 20. Rb2 {[%clk 1:09:22]} a4
{[%clk 0:56:02]} 21. Kf2 {[%clk 1:05:57]} Rd7 {[%clk 0:53:50]} 22. N1c2
{[%clk 1:02:34]} Rad8 {[%clk 0:49:59]} 23. Nxd4 {[%clk 0:58:20]} Rxd4
{[%clk 0:49:47]} 24. Ke1 {[%clk 0:54:45]} f5 {[%clk 0:38:06]} 25. Rxd4
{[%clk 0:45:26]} exd4 {[%clk 0:37:14]} 26. Nxf5 {[%clk 0:39:31]} Nxf5
{[%clk 0:35:26]} 27. exf5 {[%clk 0:39:57]} Bxf5 {[%clk 0:35:49]} 28. Re2
{[%clk 0:38:00]} Bd3 {[%clk 0:28:54]} 29. Rd2 {[%clk 0:36:10]} Re8+
{[%clk 0:26:54]} 30. Kf2 {[%clk 0:36:31]} Bxf1 {[%clk 0:27:17]} 31. Kxf1
{[%clk 0:36:52]} c5 {[%clk 0:23:20]} 32. Rd3 {[%clk 0:36:43]} Kc6
{[%clk 0:23:15]} 33. g4 {[%clk 0:32:25]} b5 {[%clk 0:22:45]} 34. cxb5+
{[%clk 0:32:46]} Kxb5 {[%clk 0:23:10]} 35. Kf2 {[%clk 0:30:26]} Kc4
{[%clk 0:23:19]} 36. Rd1 {[%clk 0:30:03]} Kb3 {[%clk 0:22:47]} 37. Rb1+
{[%clk 0:18:58]} Kc2 {[%clk 0:22:57]} 38. Rb5 {[%clk 0:17:57]} Re5
{[%clk 0:21:04]} 39. f4 {[%clk 0:17:29]} Rd5 {[%clk 0:21:28]} 40. Kf3
{[%clk 0:10:51]} d3 {[%clk 0:20:12]} 41. Ke4 {[%clk 0:10:22]} Rd4+
{[%clk 0:19:54]} 42. Ke3 {[%clk 0:08:20]} Rc4 {[%clk 0:19:44]} 43. h3
{[%clk 0:03:32]} d2 {[%clk 0:20:03]} 44. Rb2+ {[%clk 0:03:05]} Kxb2
{[%clk 0:20:24]} 45. Kd4 0-1